[Event "19. Obert Int. Sant Marti 2017"]
[Site "Barcelona ESP"]
[Date "2017.07.17"]
[Round "5.50"]
[White "Capellades Subirana, Marc"]
[Black "Fuentes Godoy, Lilia Ivonne"]
[Result "1-0"]
[WhiteElo "2237"]
[BlackElo "2069"]
[PlyCount "67"]
[EventDate "2017.07.13"]
[EventType "swiss"]
[EventRounds "9"]
[EventCountry "ESP"]
[SourceTitle "Ajedrez en Madrid"]
[Source "lmi"]
[SourceDate "2017.07.13"]
[SourceVersion "1"]
[SourceVersionDate "2019.06.21"]
[SourceQuality "1"]

1. e4 c5 2. Nf3 Nc6 3. d4 cxd4 4. Nxd4 e5 5. Nb5 d6 6. c4 Be7 7. N5c3 Be6 8.
Nd5 Rc8 9. Nbc3 Nf6 10. Be2 O-O 11. Be3 Ne8 12. O-O f5 13. exf5 Bxf5 14. Bg4 g6
15. Nxe7+ Qxe7 16. Bf3 Be6 17. b3 a6 18. Ne4 Nd8 19. Bh6 Rf7 20. Ng5 Rf5 21.
Qd2 Ng7 22. Rad1 Nf7 23. Nxf7 Qxf7 24. Bxg7 Kxg7 25. Qxd6 Re8 26. Rfe1 Bc8 27.
Bd5 Qf8 28. Qxf8+ Rexf8 29. f3 h5 30. c5 g5 31. Re4 g4 32. fxg4 Rf2 33. gxh5
Rxa2 34. Rxe5 1-0

[Event "19. Obert Int. Sant Marti 2017"]
[Site "Barcelona ESP"]
[Date "2017.07.17"]
[Round "5.51"]
[White "Vergara Jofre, Felipe"]
[Black "Avdhoot, Lendhe"]
[Result "1/2-1/2"]
[WhiteElo "2234"]
[BlackElo "2034"]
[PlyCount "75"]
[EventDate "2017.07.13"]
[EventType "swiss"]
[EventRounds "9"]
[EventCountry "ESP"]
[SourceTitle "Ajedrez en Madrid"]
[Source "lmi"]
[SourceDate "2017.07.13"]
[SourceVersion "1"]
[SourceVersionDate "2019.06.21"]
[SourceQuality "1"]

1. e4 c6 2. Nc3 d5 3. Nf3 Nf6 4. e5 Ne4 5. d4 Nxc3 6. bxc3 c5 7. c4 Nc6 8. cxd5
Qxd5 9. Bb5 cxd4 10. Bxc6+ Qxc6 11. Qxd4 Bf5 12. O-O e6 13. Be3 Ba3 14. Qf4 Bg6
15. Nd4 Qa6 16. Rab1 O-O 17. Qf3 b6 18. Nb5 Bxc2 19. Nc7 Qc8 20. Nxa8 Qxa8 21.
Qxa8 Rxa8 22. Rb5 Bd3 23. Rb3 Bxf1 24. Rxa3 Bc4 25. f4 Bd5 26. g4 Kf8 27. Kf2
Ke8 28. h4 Kd7 29. h5 Kc6 30. Rc3+ Kb7 31. a3 Rc8 32. Rxc8 Kxc8 33. Bd4 Kb7 34.
f5 Kc6 35. Ke3 Bb3 36. Kf4 Bd1 37. Bb2 Kd5 38. Kg5 1/2-1/2

[Event "19. Obert Int. Sant Marti 2017"]
[Site "Barcelona ESP"]
[Date "2017.07.17"]
[Round "5.52"]
[White "Sanchez Jerez, Emilio Miguel"]
[Black "Minguell Soler, Joan"]
[Result "1-0"]
[WhiteElo "2216"]
[BlackElo "2021"]
[PlyCount "45"]
[EventDate "2017.07.13"]
[EventType "swiss"]
[EventRounds "9"]
[EventCountry "ESP"]
[SourceTitle "Ajedrez en Madrid"]
[Source "lmi"]
[SourceDate "2017.07.13"]
[SourceVersion "1"]
[SourceVersionDate "2019.06.21"]
[SourceQuality "1"]

1. d4 Nf6 2. Bg5 e6 3. e4 Be7 4. Bd3 d5 5. e5 Nfd7 6. Bxe7 Qxe7 7. c3 c5 8. Ne2
Nc6 9. a3 O-O 10. O-O f6 11. f4 f5 12. b4 c4 13. Bc2 Nd8 14. Nd2 b6 15. Kh1 Nf7
16. g4 Nh6 17. gxf5 exf5 18. Ng3 g6 19. Qf3 Qe6 20. Nxc4 Ba6 21. Ne3 Bxf1 22.
Ngxf1 Ng4 23. Bb3 1-0

[Event "19. Obert Int. Sant Marti 2017"]
[Site "Barcelona ESP"]
[Date "2017.07.17"]
[Round "5.53"]
[White "Amer, Said Salim Al Maash"]
[Black "Franco Valencia, Angela"]
[Result "1-0"]
[WhiteElo "2025"]
[BlackElo "2214"]
[PlyCount "67"]
[EventDate "2017.07.13"]
[EventType "swiss"]
[EventRounds "9"]
[EventCountry "ESP"]
[SourceTitle "Ajedrez en Madrid"]
[Source "lmi"]
[SourceDate "2017.07.13"]
[SourceVersion "1"]
[SourceVersionDate "2019.06.21"]
[SourceQuality "1"]

1. e4 c5 2. Nf3 d6 3. d4 cxd4 4. Nxd4 Nf6 5. Nc3 a6 6. g3 e5 7. Nde2 Be6 8. Bg2
Be7 9. O-O Nbd7 10. h3 b5 11. a4 b4 12. Nd5 Nxd5 13. exd5 Bf5 14. g4 Bg6 15.
Be3 h5 16. Ng3 hxg4 17. hxg4 Bg5 18. Re1 Kf8 19. Rc1 Nc5 20. Qd2 Bxe3 21. Qxe3
Qh4 22. f4 Qxg4 23. fxe5 Re8 24. Qf2 Bxc2 25. e6 Bg6 26. exf7 Rxe1+ 27. Rxe1
Bxf7 28. Rf1 Qg6 29. Nf5 Qh5 30. Qg3 g6 31. Qxd6+ Kg8 32. Ne7+ Kg7 33. Qf6+ Kh6
34. Qxh8+ 1-0

[Event "19. Obert Int. Sant Marti 2017"]
[Site "Barcelona ESP"]
[Date "2017.07.17"]
[Round "5.54"]
[White "Moravich, Juan"]
[Black "Ajay, Karthikeyan"]
[Result "0-1"]
[WhiteElo "2006"]
[BlackElo "2187"]
[PlyCount "64"]
[EventDate "2017.07.13"]
[EventType "swiss"]
[EventRounds "9"]
[EventCountry "ESP"]
[SourceTitle "Ajedrez en Madrid"]
[Source "lmi"]
[SourceDate "2017.07.13"]
[SourceVersion "1"]
[SourceVersionDate "2019.06.21"]
[SourceQuality "1"]

1. c4 Nf6 2. Nc3 g6 3. g3 Bg7 4. Bg2 d6 5. d3 O-O 6. e3 c5 7. Nge2 Nc6 8. O-O
Bd7 9. b3 a6 10. Bb2 Rb8 11. Qd2 b5 12. Rad1 bxc4 13. dxc4 Qb6 14. h3 Ne5 15.
Rb1 Bxh3 16. f4 Bxg2 17. fxe5 Ne4 18. Nxe4 Bxe4 19. exd6 Bxb1 20. dxe7 Rfe8 21.
Bxg7 Kxg7 22. Qc3+ f6 23. Rxb1 Rxe7 24. Nf4 Qd6 25. Kf2 Rbe8 26. Nd5 Re5 27.
Rg1 Qe6 28. g4 Rf8 29. Rg3 Kg8 30. Kg2 Rg5 31. Kh2 Qd6 32. Qe1 Rxg4 0-1

[Event "19. Obert Int. Sant Marti 2017"]
[Site "Barcelona ESP"]
[Date "2017.07.17"]
[Round "5.55"]
[White "Minko, Dmitry"]
[Black "Carrasco Rodriguez, Jesus"]
[Result "1/2-1/2"]
[WhiteElo "1987"]
[BlackElo "2181"]
[PlyCount "121"]
[EventDate "2017.07.13"]
[EventType "swiss"]
[EventRounds "9"]
[EventCountry "ESP"]
[SourceTitle "Ajedrez en Madrid"]
[Source "lmi"]
[SourceDate "2017.07.13"]
[SourceVersion "1"]
[SourceVersionDate "2019.06.21"]
[SourceQuality "1"]

1. e4 Nf6 2. e5 Nd5 3. c4 Nb6 4. d4 d6 5. exd6 exd6 6. Nf3 Be7 7. Be2 O-O 8.
O-O Bg4 9. b3 Bf6 10. Nc3 Re8 11. Be3 Nc6 12. Qd2 d5 13. c5 Nc8 14. h3 Bxf3 15.
Bxf3 N8e7 16. g4 h6 17. Rad1 b6 18. Ne2 Ng6 19. Bh1 Re6 20. Nc3 bxc5 21. Bxd5
cxd4 22. Bxe6 fxe6 23. Nb5 Qd5 24. Nxd4 Nh4 25. f4 Nxd4 26. Bxd4 Bxd4+ 27. Kh2
c5 28. Qe2 e5 29. Rde1 exf4 30. Rxf4 Ng6 31. Re4 Rf8 32. Re8 Qd6+ 33. Kh1 Qg3
34. Rxf8+ Nxf8 35. Qf1 Ng6 36. Re8+ Kh7 37. Qg2 Qc3 38. Qf1 Nf4 39. Rf8 Qxh3+
40. Qxh3 Nxh3 41. Kg2 Nf2 42. Ra8 c4 43. bxc4 Nxg4 44. Rc8 Ne3+ 45. Kf3 Nxc4
46. Rxc4 Bb6 47. Kg4 g6 48. Rc6 h5+ 49. Kg5 Bd8+ 50. Kf4 Kh6 51. Rc5 Bb6 52.
Rc6 Kg7 53. a3 Kh6 54. a4 Bg1 55. a5 Bh2+ 56. Kf3 Bg1 57. Ke4 Bh2 58. Rc2 Bd6
59. Rc6 Bb4 60. Ra6 Bc5 61. Rc6 1/2-1/2

[Event "19. Obert Int. Sant Marti 2017"]
[Site "Barcelona ESP"]
[Date "2017.07.17"]
[Round "5.56"]
[White "Tejaswini, Sagar"]
[Black "Soham, Das"]
[Result "1-0"]
[WhiteElo "2160"]
[BlackElo "2020"]
[PlyCount "39"]
[EventDate "2017.07.13"]
[EventType "swiss"]
[EventRounds "9"]
[EventCountry "ESP"]
[SourceTitle "Ajedrez en Madrid"]
[Source "lmi"]
[SourceDate "2017.07.13"]
[SourceVersion "1"]
[SourceVersionDate "2019.06.21"]
[SourceQuality "1"]

1. e4 c5 2. Nf3 e6 3. d4 cxd4 4. Nxd4 Nc6 5. Nc3 Qc7 6. Be3 a6 7. Be2 b5 8.
Nxc6 Qxc6 9. Bf3 Bb7 10. e5 Qc7 11. O-O Ne7 12. Bc5 Nf5 13. Bxf8 Rxf8 14. Re1
Bc6 15. Qd3 b4 16. Bxc6 dxc6 17. Ne4 Qxe5 18. Ng3 Qf4 19. Rad1 Ke7 20. Qd7+ 1-0

[Event "19. Obert Int. Sant Marti 2017"]
[Site "Barcelona ESP"]
[Date "2017.07.17"]
[Round "5.57"]
[White "Deaconu, Mihai-Ionut"]
[Black "Perez Pastora, Evarist"]
[Result "1-0"]
[WhiteElo "1965"]
[BlackElo "2142"]
[PlyCount "77"]
[EventDate "2017.07.13"]
[EventType "swiss"]
[EventRounds "9"]
[EventCountry "ESP"]
[SourceTitle "Ajedrez en Madrid"]
[Source "lmi"]
[SourceDate "2017.07.13"]
[SourceVersion "1"]
[SourceVersionDate "2019.06.21"]
[SourceQuality "1"]

1. d4 Nf6 2. c4 g6 3. g3 Bg7 4. Nc3 O-O 5. Bg2 d6 6. Nf3 Nc6 7. O-O a6 8. Bf4
Bf5 9. Rc1 Ne4 10. Nd5 Qd7 11. Ne3 Bh3 12. Qd3 Bxg2 13. Kxg2 f5 14. d5 Ne5 15.
Bxe5 dxe5 16. c5 Nxf2 17. Rxf2 e4 18. Qb3 exf3+ 19. exf3 Rab8 20. d6+ Kh8 21.
dxc7 Qxc7 22. Nd5 Qe5 23. Nf4 Rfc8 24. Re2 Qd4 25. Ne6 Qf6 26. Rce1 Bh6 27. Qd5
a5 28. Qd7 Re8 29. Rd1 Rec8 30. Rd5 Kg8 31. Nc7 Bf8 32. Ne6 Bh6 33. Rde5 Kh8
34. a3 Kg8 35. Qb5 Rc6 36. Qxa5 b6 37. Qa7 Rbc8 38. cxb6 Rc2 39. b7 1-0

[Event "19. Obert Int. Sant Marti 2017"]
[Site "Barcelona ESP"]
[Date "2017.07.17"]
[Round "5.58"]
[White "Valls Marti, Artur"]
[Black "Alcala Valiente, Juan Carlos"]
[Result "1-0"]
[WhiteElo "2140"]
[BlackElo "1987"]
[PlyCount "83"]
[EventDate "2017.07.13"]
[EventType "swiss"]
[EventRounds "9"]
[EventCountry "ESP"]
[SourceTitle "Ajedrez en Madrid"]
[Source "lmi"]
[SourceDate "2017.07.13"]
[SourceVersion "1"]
[SourceVersionDate "2019.06.21"]
[SourceQuality "1"]

1. e4 c5 2. Nf3 Nc6 3. Bb5 g6 4. Bxc6 bxc6 5. O-O Bg7 6. Re1 e5 7. d3 d6 8. Be3
Nf6 9. h3 h6 10. Nc3 O-O 11. a3 Be6 12. b4 cxb4 13. axb4 a5 14. b5 cxb5 15.
Nxb5 Qd7 16. c4 Nh5 17. Qd2 f5 18. Bxh6 fxe4 19. Bxg7 exf3 20. Bxf8 Rxf8 21.
Qg5 Nf4 22. Re4 Kg7 23. Rxf4 Rxf4 24. Rxa5 Rf5 25. Qe3 Rf7 26. Ra7 Qc6 27.
Rxf7+ Kxf7 28. gxf3 Bxh3 29. Qe4 Qd7 30. Qd5+ Ke7 31. c5 dxc5 32. Qxe5+ Kf8 33.
Qxc5+ Kg8 34. Nd6 Be6 35. Qe5 Bb3 36. d4 Qc6 37. Ne4 Qc1+ 38. Kg2 Bc4 39. Qe8+
Kg7 40. Qe7+ Kh6 41. Qf8+ Kh5 42. Qh8+ 1-0

[Event "19. Obert Int. Sant Marti 2017"]
[Site "Barcelona ESP"]
[Date "2017.07.17"]
[Round "5.59"]
[White "Vignesh, B."]
[Black "Montell Zabay, Alberto"]
[Result "1-0"]
[WhiteElo "2124"]
[BlackElo "1956"]
[PlyCount "35"]
[EventDate "2017.07.13"]
[EventType "swiss"]
[EventRounds "9"]
[EventCountry "ESP"]
[SourceTitle "Ajedrez en Madrid"]
[Source "lmi"]
[SourceDate "2017.07.13"]
[SourceVersion "1"]
[SourceVersionDate "2019.06.21"]
[SourceQuality "1"]

1. e4 g6 2. d4 Bg7 3. Nc3 d6 4. f4 c6 5. Nf3 Bg4 6. Be3 Nd7 7. Bc4 e5 8. fxe5
dxe5 9. O-O Qe7 10. d5 Nb6 11. d6 Nxc4 12. dxe7 Nxe3 13. Qd6 Nxf1 14. Nxe5 Be6
15. Nxc6 Bf6 16. Rxf1 Bxe7 17. Nxe7 Nxe7 18. Nb5 1-0

[Event "19. Obert Int. Sant Marti 2017"]
[Site "Barcelona ESP"]
[Date "2017.07.17"]
[Round "5.60"]
[White "Perez Garcia, Adria"]
[Black "Kyrkjebo, Hanna B."]
[Result "0-1"]
[WhiteElo "2123"]
[BlackElo "1923"]
[PlyCount "64"]
[EventDate "2017.07.13"]
[EventType "swiss"]
[EventRounds "9"]
[EventCountry "ESP"]
[SourceTitle "Ajedrez en Madrid"]
[Source "lmi"]
[SourceDate "2017.07.13"]
[SourceVersion "1"]
[SourceVersionDate "2019.06.21"]
[SourceQuality "1"]

1. d4 Nf6 2. c4 e6 3. Nc3 Bb4 4. e3 b6 5. Bd3 Bb7 6. Nf3 Ne4 7. Qc2 f5 8. O-O
Bxc3 9. bxc3 O-O 10. Nd2 Nxd2 11. Bxd2 c5 12. e4 Qf6 13. exf5 exf5 14. d5 Na6
15. Rae1 Nc7 16. Re3 b5 17. cxb5 Nxd5 18. Rg3 Kh8 19. a3 Nc7 20. Bg5 Qf7 21.
Bf4 Ne6 22. Bd6 c4 23. Bxc4 Be4 24. Qb3 Rg8 25. Re1 f4 26. Rg4 Bf5 27. Rxf4 Qg6
28. Bxe6 Bxe6 29. Qb4 Rae8 30. Rd1 Bh3 31. g3 Qd3 32. Qd4 Qe2 0-1

[Event "19. Obert Int. Sant Marti 2017"]
[Site "Barcelona ESP"]
[Date "2017.07.17"]
[Round "5.61"]
[White "Anuj, Shrivatri"]
[Black "Meertens, Martin"]
[Result "1/2-1/2"]
[WhiteElo "1920"]
[BlackElo "2123"]
[PlyCount "38"]
[EventDate "2017.07.13"]
[EventType "swiss"]
[EventRounds "9"]
[EventCountry "ESP"]
[SourceTitle "Ajedrez en Madrid"]
[Source "lmi"]
[SourceDate "2017.07.13"]
[SourceVersion "1"]
[SourceVersionDate "2019.06.21"]
[SourceQuality "1"]

1. d4 Nf6 2. c4 e6 3. Nf3 b6 4. a3 Bb7 5. Nc3 d5 6. cxd5 exd5 7. g3 Be7 8. Qa4+
c6 9. Ne5 Nfd7 10. Nd3 O-O 11. Bg2 Bf6 12. e3 Na6 13. O-O Nc7 14. Rd1 Re8 15.
Nf4 Nf8 16. e4 Nfe6 17. exd5 cxd5 18. Nxe6 Nxe6 19. Be3 Qd6 1/2-1/2

[Event "19. Obert Int. Sant Marti 2017"]
[Site "Barcelona ESP"]
[Date "2017.07.17"]
[Round "5.62"]
[White "Romero Echeverria, Abigail"]
[Black "Krithigga, K."]
[Result "1/2-1/2"]
[WhiteElo "2109"]
[BlackElo "1848"]
[PlyCount "104"]
[EventDate "2017.07.13"]
[EventType "swiss"]
[EventRounds "9"]
[EventCountry "ESP"]
[SourceTitle "Ajedrez en Madrid"]
[Source "lmi"]
[SourceDate "2017.07.13"]
[SourceVersion "1"]
[SourceVersionDate "2019.06.21"]
[SourceQuality "1"]

1. e4 c6 2. d4 d5 3. e5 Bf5 4. g4 Bd7 5. c4 e6 6. Nc3 Ne7 7. Nf3 Ng6 8. h4 h5
9. gxh5 Rxh5 10. Ng5 Rh8 11. Qf3 f5 12. h5 Ne7 13. c5 Ng8 14. Qg3 Nh6 15. Nh7
Qe7 16. Bxh6 gxh6 17. Nf6+ Kd8 18. Rg1 Be8 19. Ne2 Nd7 20. Nxe8 Qxe8 21. Nf4
Rh7 22. Qb3 Kc7 23. Rg6 Re7 24. Qc3 Rd8 25. Be2 Kb8 26. b4 Bg7 27. a4 Nf8 28.
Rg2 Nh7 29. Ng6 Rf7 30. f4 Bf8 31. Kd2 Be7 32. Rag1 Qd7 33. b5 Qc7 34. bxc6
Qxc6 35. Bb5 Qc7 36. Rb1 Ka8 37. a5 Rc8 38. Rg3 Bd8 39. Be8 Rg7 40. a6 b6 41.
c6 Bh4 42. Nxh4 Rxg3 43. Qxg3 Rxe8 44. Qg6 Qe7 45. Nf3 Rc8 46. Rc1 Nf8 47. Qxh6
Qb4+ 48. Kd1 Qb3+ 49. Ke2 Qb2+ 50. Kd1 Qb3+ 51. Ke2 Qb2+ 52. Kd1 Qb3+ 1/2-1/2

[Event "19. Obert Int. Sant Marti 2017"]
[Site "Barcelona ESP"]
[Date "2017.07.17"]
[Round "5.63"]
[White "Boixader Arbo, Xavier"]
[Black "Niklesh, Kumar Jain"]
[Result "1-0"]
[WhiteElo "2099"]
[BlackElo "1822"]
[PlyCount "103"]
[EventDate "2017.07.13"]
[EventType "swiss"]
[EventRounds "9"]
[EventCountry "ESP"]
[SourceTitle "Ajedrez en Madrid"]
[Source "lmi"]
[SourceDate "2017.07.13"]
[SourceVersion "1"]
[SourceVersionDate "2019.06.21"]
[SourceQuality "1"]

1. e4 c5 2. Nf3 g6 3. d4 cxd4 4. Qxd4 Nf6 5. e5 Nc6 6. Qa4 Nd5 7. Qe4 Nc7 8.
Nc3 Bg7 9. Bf4 O-O 10. O-O-O b5 11. h4 b4 12. Nd5 Nxd5 13. Qxd5 Qa5 14. Bb5 e6
15. Qc4 Rb8 16. Bxc6 dxc6 17. Kb1 Ba6 18. Qe4 c5 19. h5 Bb7 20. Qe3 Bd5 21. b3
Rb6 22. hxg6 fxg6 23. Bh6 Ra6 24. Bxg7 Qxa2+ 25. Kc1 Qa1+ 26. Kd2 Qc3+ 27. Qxc3
bxc3+ 28. Kxc3 Kxg7 29. Rh3 Rf4 30. Rh4 Bxf3 31. Rd7+ Rf7 32. Rxh7+ Kxh7 33.
Rxf7+ Kh6 34. Rxf3 Kg5 35. Rf6 Rc6 36. Kc4 a6 37. f3 Kh5 38. g4+ Kg5 39. c3 Rb6
40. Kxc5 Rxb3 41. c4 a5 42. Rxe6 Rxf3 43. Ra6 a4 44. Rxa4 Kxg4 45. Ra6 Kg5 46.
Ra8 Rf1 47. e6 Re1 48. Kd6 Rd1+ 49. Ke7 Rc1 50. Rc8 Kh4 51. Kf7 g5 52. e7 1-0

[Event "19. Obert Int. Sant Marti 2017"]
[Site "Barcelona ESP"]
[Date "2017.07.17"]
[Round "5.64"]
[White "Monroy G., Nataly A."]
[Black "Ventura Bolet, Maxim"]
[Result "0-1"]
[WhiteElo "1947"]
[BlackElo "2262"]
[PlyCount "132"]
[EventDate "2017.07.13"]
[EventType "swiss"]
[EventRounds "9"]
[EventCountry "ESP"]
[SourceTitle "Ajedrez en Madrid"]
[Source "lmi"]
[SourceDate "2017.07.13"]
[SourceVersion "1"]
[SourceVersionDate "2019.06.21"]
[SourceQuality "1"]

1. d4 d5 2. c4 dxc4 3. Nf3 Nf6 4. e3 e6 5. Bxc4 a6 6. Qe2 b5 7. Bd3 Bb7 8. O-O
c5 9. dxc5 Nc6 10. Rd1 Qc7 11. a3 Bxc5 12. b4 Bd6 13. Bb2 Ng4 14. h3 Nge5 15.
Nxe5 Nxe5 16. Nd2 Nxd3 17. Qxd3 Rd8 18. Qc3 Qxc3 19. Bxc3 Rc8 20. Rac1 Ke7 21.
e4 Bf4 22. g3 Bxd2 23. Bxd2 Bxe4 24. Re1 Bd5 25. Be3 Rc4 26. Bc5+ Kd7 27. Rxc4
bxc4 28. f4 Kc6 29. Kf2 h6 30. Ke3 f5 31. Bd4 Rg8 32. Re2 Kb5 33. Bc5 g5 34.
Rc2 Rd8 35. Rc3 Rg8 36. Bd6 a5 37. bxa5 Kxa5 38. Be5 Ka4 39. Bd6 Rd8 40. Be5
Rd7 41. Bb8 Rb7 42. Bd6 Rb2 43. Bf8 gxf4+ 44. gxf4 h5 45. Bd6 Rb7 46. Bf8 Rb8
47. Bc5 Rg8 48. Bd6 Rg7 49. Bc5 Kb5 50. Bf8 Rg8 51. Bd6 Be4 52. Be7 Bd3 53. Bg5
Kc5 54. Kf3 Rg6 55. Ke3 Kd5 56. h4 e5 57. fxe5 Kxe5 58. a4 Kd5 59. a5 Re6+ 60.
Kd2 Re2+ 61. Kd1 Ra2 62. Bd8 f4 63. Bb6 f3 64. Ke1 Ke4 65. Rc1 Kf4 66. Bf2 Re2+
0-1

[Event "19. Obert Int. Sant Marti 2017"]
[Site "Barcelona ESP"]
[Date "2017.07.17"]
[Round "5.65"]
[White "Barragan Hernandez, Manel"]
[Black "Degraeve, Remy"]
[Result "0-1"]
[WhiteElo "1936"]
[BlackElo "2164"]
[PlyCount "48"]
[EventDate "2017.07.13"]
[EventType "swiss"]
[EventRounds "9"]
[EventCountry "ESP"]
[SourceTitle "Ajedrez en Madrid"]
[Source "lmi"]
[SourceDate "2017.07.13"]
[SourceVersion "1"]
[SourceVersionDate "2019.06.21"]
[SourceQuality "1"]

1. e4 d6 2. d4 Nf6 3. Nc3 g6 4. f4 Bg7 5. Nf3 c5 6. dxc5 Qa5 7. Bd3 Qxc5 8. Qe2
Nc6 9. Be3 Qa5 10. O-O Bg4 11. h3 Bxf3 12. Qxf3 O-O 13. a3 Nd7 14. Nd1 Nc5 15.
b4 Qa4 16. Ra2 Nxd3 17. cxd3 Nxb4 18. Nb2 Qb3 19. axb4 Qxa2 20. Nc4 Qb3 21. Bd2
Bc3 22. e5 Bxd2 23. Nxd2 Qxb4 24. Ne4 Qd4+ 0-1

[Event "19. Obert Int. Sant Marti 2017"]
[Site "Barcelona ESP"]
[Date "2017.07.17"]
[Round "5.66"]
[White "Gil Quilez, Sonia"]
[Black "Meenal, Gupta"]
[Result "1/2-1/2"]
[WhiteElo "2158"]
[BlackElo "1915"]
[PlyCount "60"]
[EventDate "2017.07.13"]
[EventType "swiss"]
[EventRounds "9"]
[EventCountry "ESP"]
[SourceTitle "Ajedrez en Madrid"]
[Source "lmi"]
[SourceDate "2017.07.13"]
[SourceVersion "1"]
[SourceVersionDate "2019.06.21"]
[SourceQuality "1"]

1. d4 Nf6 2. Bg5 Ne4 3. Bf4 c5 4. f3 Qa5+ 5. c3 Nf6 6. d5 d6 7. e4 g6 8. Nd2
Nbd7 9. Nc4 Qc7 10. a4 b6 11. Qd2 a6 12. g4 Rb8 13. h4 h6 14. Nh3 b5 15. axb5
axb5 16. Na3 c4 17. b4 Ne5 18. Be2 Bg7 19. Kf1 Nexg4 20. fxg4 Nxe4 21. Qc2 Nxc3
22. Re1 Nxd5 23. Qe4 Be6 24. h5 gxh5 25. g5 Nxb4 26. Bxh5 Kf8 27. gxh6 Bxh6 28.
Bxf7 Bxf7 29. Ng5 Qb7 30. Qxb7 Rxb7 1/2-1/2

[Event "19. Obert Int. Sant Marti 2017"]
[Site "Barcelona ESP"]
[Date "2017.07.17"]
[Round "5.67"]
[White "Nadal Fajardo, Ricard"]
[Black "Llados Clos, Jaume"]
[Result "0-1"]
[WhiteElo "2027"]
[BlackElo "1801"]
[PlyCount "60"]
[EventDate "2017.07.13"]
[EventType "swiss"]
[EventRounds "9"]
[EventCountry "ESP"]
[SourceTitle "Ajedrez en Madrid"]
[Source "lmi"]
[SourceDate "2017.07.13"]
[SourceVersion "1"]
[SourceVersionDate "2019.06.21"]
[SourceQuality "1"]

1. e4 Nf6 2. Qe2 Nc6 3. c3 e5 4. g3 Bc5 5. Bg2 d6 6. Nf3 Bd7 7. O-O Qc8 8. d3
h6 9. Be3 Bb6 10. Nbd2 O-O 11. Nc4 Bxe3 12. Nxe3 g6 13. Nd5 Qd8 14. Rfe1 Re8
15. Rad1 Kg7 16. h3 Nxd5 17. exd5 Ne7 18. c4 Nf5 19. b4 Qf6 20. b5 b6 21. Qb2
a5 22. bxa6 Rxa6 23. Nd2 Rea8 24. Ne4 Qd8 25. Rd2 Nd4 26. Ra1 Qc8 27. Kh2 Ra3
28. Nc3 Qa6 29. h4 Bf5 30. Ne4 Nb3 0-1

[Event "19. Obert Int. Sant Marti 2017"]
[Site "Barcelona ESP"]
[Date "2017.07.17"]
[Round "5.68"]
[White "Advait, Bagri"]
[Black "Marzo Pie, Xavier"]
[Result "1-0"]
[WhiteElo "1772"]
[BlackElo "1996"]
[PlyCount "39"]
[EventDate "2017.07.13"]
[EventType "swiss"]
[EventRounds "9"]
[EventCountry "ESP"]
[SourceTitle "Ajedrez en Madrid"]
[Source "lmi"]
[SourceDate "2017.07.13"]
[SourceVersion "1"]
[SourceVersionDate "2019.06.21"]
[SourceQuality "1"]

1. e4 c5 2. Nc3 g6 3. f4 Bg7 4. Nf3 Nf6 5. Bc4 O-O 6. d3 Nc6 7. O-O Na5 8. Qe1
Nxc4 9. dxc4 b6 10. Qh4 d6 11. h3 Ba6 12. e5 Nd7 13. Rd1 Bxc4 14. f5 Ba6 15.
fxg6 hxg6 16. Ng5 Re8 17. e6 f6 18. Qh7+ Kf8 19. Nf7 Qc7 20. Bh6 1-0

[Event "19. Obert Int. Sant Marti 2017"]
[Site "Barcelona ESP"]
[Date "2017.07.17"]
[Round "5.69"]
[White "Claramunt Bassegoda, Marcel"]
[Black "Farre Buil, Carles"]
[Result "1-0"]
[WhiteElo "1977"]
[BlackElo "1856"]
[PlyCount "47"]
[EventDate "2017.07.13"]
[EventType "swiss"]
[EventRounds "9"]
[EventCountry "ESP"]
[SourceTitle "Ajedrez en Madrid"]
[Source "lmi"]
[SourceDate "2017.07.13"]
[SourceVersion "1"]
[SourceVersionDate "2019.06.21"]
[SourceQuality "1"]

1. e4 c5 2. Nc3 Nc6 3. f4 d6 4. Nf3 Qc7 5. Bc4 e6 6. O-O Nf6 7. d3 Be7 8. Qe1
O-O 9. f5 Na5 10. Bb3 Nxb3 11. axb3 exf5 12. Qh4 Nxe4 13. Nd5 Bxh4 14. Nxc7 Bd8
15. Nxa8 Nf6 16. Bf4 Ne8 17. Nd2 g5 18. Bg3 a6 19. Nc4 f4 20. Bf2 Be6 21. d4 d5
22. Na5 Bc8 23. dxc5 Nf6 24. Nb6 1-0

[Event "19. Obert Int. Sant Marti 2017"]
[Site "Barcelona ESP"]
[Date "2017.07.17"]
[Round "5.70"]
[White "Mateu Farre, Josep Maria"]
[Black "Jijo, Joy"]
[Result "1-0"]
[WhiteElo "1974"]
[BlackElo "1647"]
[PlyCount "89"]
[EventDate "2017.07.13"]
[EventType "swiss"]
[EventRounds "9"]
[EventCountry "ESP"]
[SourceTitle "Ajedrez en Madrid"]
[Source "lmi"]
[SourceDate "2017.07.13"]
[SourceVersion "1"]
[SourceVersionDate "2019.06.21"]
[SourceQuality "1"]

1. e4 d6 2. d4 Nf6 3. Nc3 g6 4. Be2 Bg7 5. Be3 O-O 6. Nf3 a6 7. O-O b5 8. e5
Ng4 9. Bf4 dxe5 10. dxe5 Nc6 11. Qe1 Bf5 12. Rd1 Qc8 13. Bd3 Qe6 14. Ng5 Qc8
15. Be4 Bxe5 16. Bxc6 Bxf4 17. Nh3 Bxh2+ 18. Kh1 Rb8 19. f3 Ne5 20. Bd5 Bxh3
21. Kxh2 Qf5 22. gxh3 Qxc2+ 23. Rd2 Qf5 24. Re2 Nd3 25. Qg3 Nf4 26. Rd2 b4 27.
Be4 Nh5 28. Qxc7 Rbc8 29. Bxf5 Rxc7 30. Nd5 Rb7 31. Bg4 Ng7 32. f4 Ne8 33. Bc8
Ra7 34. Nxb4 Nd6 35. Bxa6 Rfa8 36. Bd3 Rd7 37. Bb1 Rb7 38. a3 Nc4 39. Re2 Rd8
40. Rfe1 e6 41. Be4 Rbd7 42. Rc1 Rd2 43. Rc2 Rxe2+ 44. Rxe2 f5 45. Bd3 1-0

[Event "19. Obert Int. Sant Marti 2017"]
[Site "Barcelona ESP"]
[Date "2017.07.17"]
[Round "5.71"]
[White "Di Chiara, Mauro"]
[Black "Lorenzo Martinez, Ruben"]
[Result "1-0"]
[WhiteElo "1964"]
[BlackElo "1490"]
[PlyCount "41"]
[EventDate "2017.07.13"]
[EventType "swiss"]
[EventRounds "9"]
[EventCountry "ESP"]
[SourceTitle "Ajedrez en Madrid"]
[Source "lmi"]
[SourceDate "2017.07.13"]
[SourceVersion "1"]
[SourceVersionDate "2019.06.21"]
[SourceQuality "1"]

1. d4 Nf6 2. Nf3 c5 3. d5 e6 4. c4 exd5 5. cxd5 d6 6. Nc3 g6 7. g3 Bg7 8. Bg2
O-O 9. O-O Bg4 10. Nd2 Nbd7 11. h3 Bf5 12. e4 Nxe4 13. Ndxe4 Nb6 14. Bg5 f6 15.
Bf4 Bxe4 16. Nxe4 Nc4 17. Qe2 Ne5 18. h4 Re8 19. Bh3 Nd7 20. Be6+ Kh8 21. Nxd6
1-0